[Event "TUR-chT"]
[Site "Kocaeli"]
[Date "2015.08.12"]
[Round "10.8"]
[White "Gundogan, Sinem Cagla"]
[Black "Dogan, Sevval"]
[Result "1-0"]
[WhiteElo "1913"]
[BlackElo "1737"]
[PlyCount "67"]
[EventDate "2015.08.04"]
[EventType "team-tourn"]
[EventRounds "13"]
[EventCountry "TUR"]
[SourceTitle "CBM 167 Extra"]
[Source "ChessBase"]
[SourceDate "2015.09.14"]
[SourceVersion "1"]
[SourceVersionDate "2015.09.14"]
[SourceQuality "1"]
[WhiteTeam "Kocaeli Buyuksehir"]
[BlackTeam "Turk Hava Yollari"]
[WhiteTeamCountry "TUR"]
[BlackTeamCountry "TUR"]

1. e4 c5 2. Nc3 a6 3. g3 b5 4. Bg2 Bb7 5. f4 e6 6. d3 d5 7. e5 Ne7 8. Nf3 h5 9. Nh4 g6 10. Ne2 Nbc6 11. b3 Bg7 12. d4 cxd4 13. Nxd4 Nxd4 14. Qxd4 Rc8 15. c3 Nc6 16. Qd3 b4 17. Nxg6 Rg8 18. Nh4 bxc3 19. 0-0 Qb6+ 20. Kh1 Rh8 21. Ba3 Qd4 22. Qe2 Qb6 23. f5 Qb5 24. Qe1 Nb4 25. fxe6 fxe6 26. Ng6 Rg8 27. Qf2 Rc7 28. Qf3 d4 29. Qxh5 Bxg2+ 30. Kxg2 Kd8 31. Qh4+ Ke8 32. Bxb4 Qxb4 33. Qh7 Qb7+ 34. Kg1 1-0

[Event "TUR-chT"]
[Site "Kocaeli"]
[Date "2015.08.06"]
[Round "3.3"]
[White "Arda, Cagil Irmak"]
[Black "Dogan, Sevval"]
[Result "1-0"]
[WhiteElo "1915"]
[BlackElo "1737"]
[PlyCount "87"]
[EventDate "2015.08.04"]
[EventType "team-tourn"]
[EventRounds "13"]
[EventCountry "TUR"]
[SourceTitle "CBM 167 Extra"]
[Source "ChessBase"]
[SourceDate "2015.09.14"]
[SourceVersion "1"]
[SourceVersionDate "2015.09.14"]
[SourceQuality "1"]
[WhiteTeam "Besiktas Jimnastik"]
[BlackTeam "Turk Hava Yollari"]
[WhiteTeamCountry "TUR"]
[BlackTeamCountry "TUR"]

1. e4 c5 2. Nf3 d6 3. d4 cxd4 4. Nxd4 Nf6 5. f3 Nc6 6. c4 Qb6 7. Nc2 g6 8. Nc3 Bg7 9. Be3 Qxb2 10. Nb5 0-0 11. a3 Qe5 12. Qd2 Ne8 13. Be2 a6 14. Nbd4 Qa5 15. Nxc6 Qxd2+ 16. Kxd2 bxc6 17. Rab1 c5 18. Rb6 Nf6 19. Rhb1 Be6 20. Rb7 Nd7 21. f4 Rab8 22. g4 f5 23. exf5 gxf5 24. g5 Rxb7 25. Rxb7 Re8 26. Ne1 Rb8 27. Ra7 Rb2+ 28. Kd1 Bc3 29. Nf3 Ra2 30. Rxa6 Rxe2 31. Ra8+ Kf7 32. Kxe2 Bxc4+ 33. Kf2 d5 34. Rc8 d4 35. Bxd4 cxd4 36. Rxc4 Nb6 37. Ne5+ Kf8 38. Rc6 Nd5 39. Nd3 Ne3 40. Ke2 Nd5 41. Kf3 Kf7 42. a4 Kf8 43. Rc5 e6 44. a5 1-0